[Event "BL 8485 Lasker-HSK"]
[Site "?"]
[Date "1984.??.??"]
[Round "?.7"]
[White "Wegner, H."]
[Black "Bilek Gonstalla, M."]
[Result "1-0"]
[WhiteElo "2245"]
[BlackElo "2335"]
[PlyCount "69"]
[EventDate "1984.??.??"]

1. d4 e6 2. c4 Bb4+ 3. Bd2 Qe7 4. Nf3 Nf6 5. g3 O-O 6. Bg2 Bxd2+ 7. Qxd2 d6 8.
O-O e5 9. h3 exd4 10. Nxd4 Nc6 11. Nc3 Bd7 12. Ndb5 Rac8 13. Nd5 Nxd5 14. cxd5
Ne5 15. Na3 f5 16. e3 c5 17. f4 Nf7 18. Rae1 Qf6 19. e4 Rfe8 20. Kh2 fxe4 21.
Bxe4 Bxh3 22. Bxh7+ Kxh7 23. Kxh3 g6 24. g4 Rxe1 25. Rxe1 Rh8 26. Kg3 Kg7 27.
Qc3 Qxc3+ 28. bxc3 g5 29. Re7 gxf4+ 30. Kxf4 Rh2 31. Rxb7 Rf2+ 32. Ke3 Rxa2 33.
Rxa7 Kf6 34. Nb5 Ra4 35. Rxa4 1-0

[Event "BL 8485 Lasker-HSK"]
[Site "?"]
[Date "1984.??.??"]
[Round "?.8"]
[White "Jacoby, G."]
[Black "Cordes, H."]
[Result "1/2-1/2"]
[WhiteElo "2245"]
[BlackElo "2275"]
[PlyCount "31"]
[EventDate "1984.??.??"]

1. c4 Nf6 2. Nc3 e6 3. Nf3 Bb4 4. Qc2 b6 5. a3 Bxc3 6. Qxc3 Bb7 7. g3 O-O 8.
Bg2 d6 9. O-O Nbd7 10. b4 Qe7 11. Bb2 e5 12. d3 Rfe8 13. e3 a5 14. Rfe1 c5 15.
d4 Be4 16. Red1 1/2-1/2

[Event "BL 8485 Kreuzberg-Delmenhorst"]
[Site "?"]
[Date "1984.??.??"]
[Round "?.1"]
[White "Meyer, H."]
[Black "Berg, K."]
[Result "1-0"]
[WhiteElo "2245"]
[BlackElo "2375"]
[PlyCount "89"]
[EventDate "1984.??.??"]

1. d4 Nf6 2. c4 c5 3. e3 g6 4. Nf3 Bg7 5. Be2 O-O 6. O-O cxd4 7. exd4 d5 8. Nc3
Nc6 9. Re1 Be6 10. c5 Ne4 11. Qa4 Bg4 12. Be3 Rc8 13. Rad1 Nxc3 14. bxc3 Na5
15. Bg5 Bf6 16. Bh6 Bg7 17. Bxg7 Kxg7 18. Rb1 Qc7 19. Ne5 Bxe2 20. Rxe2 Rfd8
21. Rbe1 b6 22. h4 e6 23. h5 bxc5 24. Nxf7 Kxf7 25. Rxe6 Nc6 26. Qc2 Rg8 27.
hxg6+ Rxg6 28. Qf5+ Kg7 29. dxc5 Rd8 30. R1e3 Qf7 31. Qh3 Rf8 32. f3 d4 33.
cxd4 Rxe6 34. Rxe6 Nd8 35. Rd6 Qf4 36. Rd7+ Nf7 37. Qg4+ Qxg4 38. fxg4 Kf6 39.
c6 a5 40. a4 Rb8 41. c7 Rb1+ 42. Kh2 Rc1 43. d5 h6 44. d6 Ne5 45. Rd8 1-0

[Event "BL 8485 Kreuzberg-Delmenhorst"]
[Site "?"]
[Date "1984.??.??"]
[Round "?.2"]
[White "Grzesik, T."]
[Black "Hermann, Man"]
[Result "0-1"]
[WhiteElo "2340"]
[BlackElo "2345"]
[PlyCount "102"]
[EventDate "1984.??.??"]

1. e4 c5 2. Nf3 Nc6 3. d3 g6 4. g3 Bg7 5. Bg2 e6 6. O-O Nge7 7. c3 d5 8. Nbd2
b6 9. Re1 O-O 10. e5 Qc7 11. Qe2 Bb7 12. Nf1 b5 13. g4 d4 14. cxd4 Nxd4 15.
Nxd4 Bxg2 16. Kxg2 cxd4 17. Qe4 Qc6 18. Bd2 Rfc8 19. f4 g5 20. Qxc6 Nxc6 21.
Rac1 gxf4 22. Rc5 Ne7 23. Rxb5 a6 24. Ra5 Rc2 25. b4 Nc6 26. Ra3 Nxb4 27. Rc1
Rxc1 28. Bxc1 Bxe5 29. Kf3 Rc8 30. Bxf4 Bxf4 31. Kxf4 Rc3 32. Ra4 Nxd3+ 33. Kg5
e5 34. Rxa6 Kg7 35. Ng3 h6+ 36. Rxh6 Nc5 37. Nf5+ Kg8 38. Rb6 Ne4+ 39. Kh4 d3
40. Rb8+ Kh7 41. Rb7 d2 42. Rxf7+ Kg6 43. Rd7 Rc1 44. Ne3 Re1 45. Nc4 d1=Q 46.
Nxe5+ Kf6 47. Rxd1 Rxd1 48. Nf3 Ra1 49. g5+ Kg6 50. Kg4 Nxg5 51. Nxg5 Rg1+ 0-1

[Event "BL 8485 Kreuzberg-Delmenhorst"]
[Site "?"]
[Date "1984.??.??"]
[Round "?.6"]
[White "Sprotte, N."]
[Black "Tielemann, K."]
[Result "1/2-1/2"]
[WhiteElo "2230"]
[BlackElo "2285"]
[PlyCount "59"]
[EventDate "1984.??.??"]

1. d4 f5 2. g3 Nf6 3. Bg2 g6 4. Nf3 Bg7 5. O-O O-O 6. c4 d6 7. Nc3 Nc6 8. d5
Na5 9. Qd3 c5 10. Nd2 e5 11. dxe6 Bxe6 12. Nd5 Nc6 13. Nf3 Nxd5 14. cxd5 Nb4
15. Qd1 Nxd5 16. Ng5 Nc7 17. Nxe6 Nxe6 18. Qb3 Re8 19. Bd5 Qe7 20. Qxb7 Qxb7
21. Bxb7 Rab8 22. Bc6 Re7 23. Bd5 Kh8 24. e3 Nc7 25. Bf3 d5 26. Rd1 c4 27. Bxd5
Rd7 28. e4 Nxd5 29. exd5 Rb5 30. Be3 1/2-1/2

[Event "BL 8485 Kreuzberg-Delmenhorst"]
[Site "?"]
[Date "1984.??.??"]
[Round "?.7"]
[White "Dornieden, M."]
[Black "Federau, J."]
[Result "1-0"]
[WhiteElo "2290"]
[BlackElo "2210"]
[PlyCount "107"]
[EventDate "1984.??.??"]

1. d4 Nf6 2. Nf3 d5 3. g3 e6 4. Bg2 c5 5. O-O Nc6 6. c4 dxc4 7. Qa4 cxd4 8.
Nxd4 Qxd4 9. Bxc6+ Bd7 10. Rd1 Qxd1+ 11. Qxd1 Bxc6 12. Nc3 Be7 13. Qd4 O-O 14.
Qxc4 Rfd8 15. Be3 Nd5 16. Nxd5 Rxd5 17. Rc1 Rad8 18. f3 a6 19. a4 Bf6 20. b3 h6
21. Kf2 Bd4 22. Bxd4 Rxd4 23. Qc5 Rd2 24. Qa5 R8d5 25. Rc5 e5 26. Ke3 Rd1 27.
Rxd5 Rxd5 28. Qc7 f6 29. Qe7 Rd1 30. Qe6+ Kf8 31. h4 Rd7 32. g4 Re7 33. Qd6 Kf7
34. Qd3 Rd7 35. Qc2 Rd4 36. Kf2 Rf4 37. Kg3 Rd4 38. g5 hxg5 39. hxg5 g6 40.
gxf6 Kxf6 41. Qc5 Rd8 42. Qb4 Rd7 43. Qf8+ Ke6 44. Qg8+ Kf6 45. e4 Rd1 46. Qf8+
Ke6 47. Qg7 Rg1+ 48. Kf2 Rg5 49. Qg8+ Ke7 50. Qh7+ Ke6 51. Qh6 Kf6 52. Qh4 Bd7
53. Ke3 Be6 54. f4 1-0

[Event "BL 8485 Koblenz-Frechen"]
[Site "?"]
[Date "1984.??.??"]
[Round "?.1"]
[White "Ott, W."]
[Black "Gutman, L."]
[Result "1-0"]
[WhiteElo "2300"]
[BlackElo "2485"]
[PlyCount "87"]
[EventDate "1984.??.??"]

1. e4 c5 2. Nf3 d6 3. c3 Nf6 4. e5 Nd5 5. d4 cxd4 6. cxd4 Nc6 7. a3 Bg4 8. Be2
e6 9. O-O dxe5 10. dxe5 Be7 11. Qa4 Bh5 12. Bb5 O-O 13. Bxc6 bxc6 14. Qxc6 Bxf3
15. gxf3 Rc8 16. Qa4 Bg5 17. Nc3 Nxc3 18. bxc3 Bxc1 19. Raxc1 Qg5+ 20. Kh1 Qxe5
21. Qxa7 Rc4 22. Qe3 Qf6 23. Rfd1 Rfc8 24. Rd3 g6 25. Kg2 R8c5 26. f4 e5 27.
fxe5 Rxe5 28. Qd2 Rce4 29. Rc2 h5 30. h3 Re1 31. c4 h4 32. Rd5 Qc6 33. Rc3 R1e2
34. Qd4 R2e4 35. Qd2 Re8 36. Rc1 Qa8 37. Qc3 R4e5 38. Rcd1 Qc6 39. R1d4 Rg5+
40. Kh2 Qc7+ 41. Rd6 Rf5 42. Qd2 Qe7 43. R6d5 Qc7+ 44. Kg2 {ZÜ} 1-0

[Event "BL 8485 Zähringen-Porz"]
[Site "?"]
[Date "1984.??.??"]
[Round "?.2"]
[White "Herbrechtsmeier, C."]
[Black "Miles, A."]
[Result "1/2-1/2"]
[WhiteElo "2325"]
[BlackElo "2565"]
[PlyCount "93"]
[EventDate "1984.??.??"]

1. e4 c6 2. c4 d5 3. cxd5 cxd5 4. exd5 Nf6 5. Bb5+ Nbd7 6. Nc3 a6 7. Qa4 Rb8 8.
Bxd7+ Nxd7 9. Qf4 b5 10. Nf3 Bb7 11. O-O Nf6 12. Ne5 Qd6 13. Re1 Rc8 14. d3 b4
15. Ne4 Qxd5 16. Bd2 Nh5 17. Qg5 g6 18. Nc4 Rd8 19. Qxd5 Bxd5 20. Bxb4 Bg7 21.
Ng3 Bf6 22. Nxh5 gxh5 23. Bc3 Bxc3 24. bxc3 Bxc4 25. dxc4 Rg8 26. Re5 Rg4 27.
Rxh5 Rxc4 28. Rxh7 Rd2 29. Rh8+ Kd7 30. h4 Rxc3 31. h5 Rcc2 32. h6 Rc6 33. h7
Rh6 34. Rb1 Rxa2 35. g3 f6 36. Kg2 Ke6 37. Ra8 Rxh7 38. Rb6+ Kf7 39. Rbxa6 Rd2
40. Ra2 Rd6 41. R8a6 Rh8 42. Rxd6 exd6 43. Kf3 Re8 44. Kf4 Re5 45. Ra8 d5 46.
Ra7+ Kg6 47. Rd7 1/2-1/2

[Event "BL 8485 Zähringen-Porz"]
[Site "?"]
[Date "1984.??.??"]
[Round "?.3"]
[White "Goehring, K."]
[Black "Schuh, H."]
[Result "1-0"]
[WhiteElo "2355"]
[BlackElo "2310"]
[PlyCount "102"]
[EventDate "1984.??.??"]

1. d4 d5 2. c4 e6 3. Nc3 c5 4. cxd5 exd5 5. Nf3 Nc6 6. g3 Nf6 7. Bg2 Be7 8. O-O
O-O 9. dxc5 Bxc5 10. Bg5 d4 11. Bxf6 Qxf6 12. Nd5 Qd8 13. Nd2 Re8 14. Re1 Bg4
15. Rc1 Bb6 16. Nc4 Rc8 17. a3 Ne5 18. Ndxb6 axb6 19. Nxe5 Rxc1 20. Qxc1 Rxe5
21. Qd2 Qd7 22. h3 Be6 23. Rd1 h6 24. Qxd4 Qxd4 25. Rxd4 Rxe2 26. Rb4 Re1+ 27.
Kh2 Re2 28. Kg1 Re1+ 29. Kh2 Re2 30. g4 Rxf2 31. Kg3 Rd2 32. Rxb6 g5 33. Bxb7
h5 34. gxh5 Rd3+ 35. Kf2 Bxh3 36. Be4 Rd4 37. Ke3 Rd8 38. Rb5 f6 39. b4 Re8 40.
Kf3 Bg2+ 41. Kxg2 Rxe4 42. a4 Kh7 43. a5 Re2+ 44. Kf3 Ra2 45. Rf5 Ra4 46. Rxf6
Rxb4 47. Rg6 Rb5 48. a6 Ra5 49. Kg4 Kh8 50. h6 Kh7 51. Rb6 Rc5 1-0

[Event "BL 8485 Zähringen-Porz"]
[Site "?"]
[Date "1984.??.??"]
[Round "?.4"]
[White "Vatter, H."]
[Black "Marian, R."]
[Result "1/2-1/2"]
[WhiteElo "2250"]
[BlackElo "2285"]
[PlyCount "100"]
[EventDate "1984.??.??"]

1. e4 c5 2. c3 e6 3. d4 d5 4. e5 Bd7 5. Nf3 Qb6 6. a3 c4 7. g3 Nc6 8. Bh3 h6 9.
O-O Nge7 10. Ne1 O-O-O 11. Nd2 f6 12. exf6 gxf6 13. b3 e5 14. Bxd7+ Rxd7 15.
dxe5 Nxe5 16. Rb1 cxb3 17. Nxb3 N7c6 18. Be3 Qa6 19. Nc5 Bxc5 20. Bxc5 h5 21.
Ng2 Qc4 22. Bd4 Nxd4 23. cxd4 Qxd4 24. Qc2+ Kb8 25. Qf5 Rd6 26. Rfd1 Qg4 27.
Ne3 Qxf5 28. Nxf5 Rd7 29. Nd4 h4 30. Rb3 hxg3 31. fxg3 Rc8 32. Kg2 Nc6 33. h4
Nxd4 34. Rxd4 Rc4 35. Rbd3 Rxd4 36. Rxd4 Kc7 37. h5 Kd6 38. Rh4 Ke6 39. Kf3 Kf5
40. Rf4+ Kg5 41. g4 Rd6 42. Rf5+ Kh6 43. Ke3 Ra6 44. a4 Kg7 45. Rxd5 Rxa4 46.
Rd7+ Kh6 47. Rxb7 Rxg4 48. Rxa7 Kxh5 49. Kf3 Rb4 50. Rg7 Kh6 1/2-1/2

[Event "BL 8485 Zähringen-Porz"]
[Site "?"]
[Date "1984.??.??"]
[Round "?.5"]
[White "Ostermeyer, P."]
[Black "Miltner, A."]
[Result "1/2-1/2"]
[WhiteElo "2470"]
[BlackElo "2280"]
[PlyCount "48"]
[EventDate "1984.??.??"]

1. d4 Nf6 2. c4 d6 3. Nc3 Nbd7 4. Nf3 e5 5. Bg5 Be7 6. e3 c6 7. Be2 Qa5 8. Bxf6
Nxf6 9. O-O O-O 10. a3 e4 11. Nd2 d5 12. b4 Qd8 13. c5 h5 14. b5 Qc7 15. h3 g6
16. Qa4 Ne8 17. Rab1 f5 18. bxc6 bxc6 19. f4 exf3 20. Nxf3 Bf6 21. Ba6 Ng7 22.
Bxc8 Raxc8 23. Qa6 Rf7 24. h4 Re8 1/2-1/2

[Event "BL 8485 Zähringen-Porz"]
[Site "?"]
[Date "1984.??.??"]
[Round "?.6"]
[White "Raupp, T."]
[Black "Gerusel, M."]
[Result "0-1"]
[WhiteElo "2275"]
[BlackElo "2390"]
[PlyCount "68"]
[EventDate "1984.??.??"]

1. c4 Nf6 2. Nc3 c5 3. g3 Nc6 4. Bg2 d6 5. e3 e5 6. Nge2 Bg4 7. d3 g6 8. h3 Bf5
9. O-O Qd7 10. Nd5 Bg7 11. Kh2 O-O 12. f4 exf4 13. gxf4 Nh5 14. Nec3 Be6 15.
Rb1 Rab8 16. Bd2 a6 17. a3 b5 18. b4 Nf6 19. Qe2 bxc4 20. dxc4 Bf5 21. e4 Rfe8
22. Qd3 Be6 23. bxc5 dxc5 24. e5 Nh5 25. Ne4 Nxe5 26. fxe5 Bxe5+ 27. Kg1 Bxd5
28. cxd5 Bd4+ 29. Kh1 Rxb1 30. Rxb1 Qf5 31. Qf3 Qxe4 32. Re1 Qxe1+ 33. Bxe1
Rxe1+ 34. Bf1 Rxf1+ 0-1

[Event "BL 8485 Frechen-Zähringen"]
[Site "?"]
[Date "1984.??.??"]
[Round "?.2"]
[White "Behling, R."]
[Black "Herbrechtsmeier, C."]
[Result "1-0"]
[WhiteElo "2300"]
[BlackElo "2325"]
[PlyCount "27"]
[EventDate "1984.??.??"]

1. c4 e6 2. Nc3 d5 3. d4 c5 4. Nf3 Nc6 5. e3 Nf6 6. Be2 cxd4 7. exd4 Be7 8. O-O
O-O 9. a3 Ne4 10. Qc2 f5 11. cxd5 exd5 12. Nxd5 Bd6 13. Nc3 Nxd4 14. Nxd4 1-0

[Event "BL 8485 Porz-Koblenz"]
[Site "?"]
[Date "1984.??.??"]
[Round "?.2"]
[White "Miles, A."]
[Black "Schulz, KJ."]
[Result "1-0"]
[WhiteElo "2565"]
[BlackElo "2355"]
[PlyCount "75"]
[EventDate "1984.??.??"]

1. c4 e6 2. Nc3 d5 3. d4 Nf6 4. Bg5 Be7 5. e3 O-O 6. Nf3 Nbd7 7. Qc2 c6 8. cxd5
exd5 9. Bd3 Re8 10. h3 a6 11. O-O-O Nf8 12. Bf4 Be6 13. Kb1 a5 14. Ng5 g6 15.
Be5 N6d7 16. Nxe6 Nxe6 17. Bg3 a4 18. h4 Qa5 19. h5 Nef8 20. hxg6 hxg6 21. Rh3
Bf6 22. a3 b5 23. Bd6 Re6 24. Bb4 Qa7 25. Rdh1 Bg7 26. Ne2 Rae8 27. g4 Nb8 28.
Nf4 Na6 29. Bxf8 Kxf8 30. Nxe6+ Rxe6 31. f4 Nb8 32. f5 gxf5 33. gxf5 Rd6 34.
Qh2 Ke7 35. Rh7 Bf8 36. Qe5+ Kd8 37. Rh8 Qe7 38. Rxf8+ 1-0

[Event "BL 8485 Porz-Koblenz"]
[Site "?"]
[Date "1984.??.??"]
[Round "?.3"]
[White "Wolf, V."]
[Black "Goehring, K."]
[Result "0-1"]
[WhiteElo "2315"]
[BlackElo "2355"]
[PlyCount "100"]
[EventDate "1984.??.??"]

1. e4 e5 2. Nf3 Nc6 3. Bb5 a6 4. Ba4 d6 5. Bxc6+ bxc6 6. d4 exd4 7. Qxd4 c5 8.
Qd3 Ne7 9. O-O Ng6 10. h3 Be7 11. Nc3 O-O 12. Nd5 Re8 13. Bd2 Bf6 14. Ba5 Ra7
15. Rab1 Be6 16. Rfe1 Ne5 17. Nxe5 Bxe5 18. b3 Qb8 19. a4 c6 20. Ne3 Rd7 21.
Nc4 Bf6 22. Rbd1 Be7 23. Bc3 f6 24. Ne3 Qc8 25. f4 Bf8 26. Qf1 d5 27. exd5 cxd5
28. Bb2 Rdd8 29. Qf3 d4 30. Ng4 Bf5 31. Rxe8 Rxe8 32. Rd2 Qe6 33. Kh2 Bd6 34.
Bc1 Be4 35. Qg3 Bd5 36. b4 h5 37. bxc5 Bxc5 38. Nf2 Qf5 39. Nd3 Bd6 40. Qf2 Re4
41. Re2 Rxe2 42. Qxe2 Be4 43. g3 Bc6 44. Nb2 Kh8 45. Qc4 Qe4 46. Qf1 Qxc2+ 47.
Kg1 Be4 48. Nc4 Bd3 49. Qf3 Qxc1+ 50. Kh2 Qc2+ 0-1

[Event "BL 8485 Porz-Koblenz"]
[Site "?"]
[Date "1984.??.??"]
[Round "?.4"]
[White "Marian, R."]
[Black "Doncevic, D."]
[Result "1-0"]
[WhiteElo "2285"]
[BlackElo "2360"]
[PlyCount "79"]
[EventDate "1984.??.??"]

1. Nf3 c5 2. e4 Nc6 3. Bb5 Qb6 4. a4 e6 5. O-O Nge7 6. b3 a6 7. Bxc6 Qxc6 8.
Re1 Ng6 9. h4 d6 10. d3 h5 11. g3 e5 12. Nh2 Be7 13. c4 Qd7 14. Nc3 Qh3 15. Qf3
Bg4 16. Qg2 Bd8 17. Nxg4 Qxg2+ 18. Kxg2 Ba5 19. Bd2 hxg4 20. Nb1 Bxd2 21. Nxd2
Ne7 22. Nf1 g6 23. Ne3 f5 24. a5 Kf7 25. Reb1 Rab8 26. b4 Rhc8 27. b5 Ke6 28.
Rb3 axb5 29. Rxb5 Nc6 30. Rab1 Nb4 31. Rb3 Rc6 32. Nd5 Kd7 33. Nxb4 cxb4 34.
R3xb4 Kc7 35. exf5 gxf5 36. h5 Ra6 37. d4 f4 38. gxf4 exf4 39. h6 d5 40. Rc5+
1-0

[Event "BL 8485 Porz-Koblenz"]
[Site "?"]
[Date "1984.??.??"]
[Round "?.5"]
[White "Weidemann, J."]
[Black "Ostermeyer, P."]
[Result "0-1"]
[WhiteElo "2290"]
[BlackElo "2470"]
[PlyCount "96"]
[EventDate "1984.??.??"]

1. e4 c5 2. Nf3 d6 3. d4 Nf6 4. Nc3 cxd4 5. Qxd4 Nc6 6. Bb5 Bd7 7. Bxc6 Bxc6 8.
Bg5 e6 9. O-O-O Be7 10. Rhe1 O-O 11. Qd2 Qc7 12. Nd4 Rfd8 13. f3 Rab8 14. g4 b5
15. Rg1 b4 16. Nce2 Ba4 17. Kb1 Rdc8 18. Rc1 Qa5 19. h4 Rb6 20. Nb3 Bxb3 21.
cxb3 Rbc6 22. Nd4 Rc5 23. a3 Qa6 24. axb4 Rxc1+ 25. Rxc1 Rxc1+ 26. Kxc1 h6 27.
Be3 Nd7 28. h5 Ne5 29. b5 Qa1+ 30. Kc2 Bf6 31. Qc1 Qa5 32. Bd2 Qb6 33. Bc3 Nxg4
34. Qd2 Ne5 35. f4 Nd7 36. b4 Bxd4 37. Qxd4 Qxd4 38. Bxd4 Nb6 39. e5 d5 40. Bc5
g6 41. Kd3 gxh5 42. Be7 Kg7 43. Kd4 Kg6 44. Kc5 Kf5 45. Kc6 d4 46. Bc5 d3 47.
Be3 Nd5 48. Bd2 h4 0-1

[Event "BL 8485 Porz-Koblenz"]
[Site "?"]
[Date "1984.??.??"]
[Round "?.6"]
[White "Gerusel, M."]
[Black "Brueckner, T."]
[Result "1/2-1/2"]
[WhiteElo "2390"]
[BlackElo "2265"]
[PlyCount "102"]
[EventDate "1984.??.??"]

1. d4 d5 2. c4 c6 3. Nf3 Nf6 4. Nc3 e6 5. Bg5 dxc4 6. e4 b5 7. e5 h6 8. Bh4 g5
9. Nxg5 hxg5 10. Bxg5 Be7 11. exf6 Bxf6 12. Bxf6 Qxf6 13. g3 Bb7 14. Bg2 Na6
15. Nxb5 cxb5 16. Bxb7 Nb4 17. O-O Rd8 18. Qd2 Nd3 19. Bc6+ Kf8 20. Be4 Qxd4
21. Bxd3 Qxd3 22. Qb4+ Kg7 23. Qxb5 Rd5 24. Qb4 a5 25. Qc3+ Qxc3 26. bxc3 Rd3
27. Rfc1 Rd2 28. a4 Rb8 29. Rab1 Rb3 30. Rxb3 cxb3 31. Rb1 b2 32. Kg2 Rc2 33.
c4 Rxc4 34. Rxb2 Rxa4 35. Rb5 Ra2 36. g4 f5 37. gxf5 exf5 38. Rxf5 a4 39. Ra5
a3 40. Ra6 Ra1 41. Kf3 a2 42. Kf4 Rh1 43. Rxa2 Rxh2 44. Kg5 Kf7 45. Ra7+ Ke6
46. Ra6+ Kf7 47. f4 Rb2 48. Ra7+ Kg8 49. Kf6 Rb6+ 50. Ke7 Kg7 51. f5 Rf6
1/2-1/2

[Event "BL 8485 Enger-Frechen"]
[Site "?"]
[Date "1984.??.??"]
[Round "?.1"]
[White "Ott, W."]
[Black "Smejkal, J."]
[Result "1/2-1/2"]
[WhiteElo "2300"]
[BlackElo "2540"]
[PlyCount "107"]
[EventDate "1984.??.??"]

1. e4 c5 2. Nf3 e6 3. c4 Nc6 4. Nc3 Nf6 5. d4 cxd4 6. Nxd4 Bb4 7. Nxc6 bxc6 8.
Bd3 d6 9. O-O Bxc3 10. bxc3 Nd7 11. Ba3 c5 12. f4 O-O 13. e5 Rb8 14. Rf3 f5 15.
exd6 Qa5 16. Bc1 Qxc3 17. Be3 Rb6 18. Bf1 Bb7 19. Rg3 Qb2 20. Rc1 Be4 21. Qa4
Rxd6 22. Qxa7 Ra8 23. Qc7 Qb6 24. Qxb6 Rxb6 25. Rd1 Rb7 26. Rd2 Bb1 27. Be2
Rxa2 28. Bf3 Rxd2 29. Bxd2 Be4 30. Bc3 g6 31. Bxe4 fxe4 32. Kf2 Rb3 33. Be5
Rxg3 34. hxg3 Nb6 35. Ke3 Nxc4+ 36. Kxe4 Kf7 37. Kd3 Nb6 38. g4 Ke7 39. g5 Kd7
40. g4 Kc6 41. Ke4 Nc4 42. Bb8 Kb7 43. Be5 Nxe5 44. Kxe5 Kc6 45. Kxe6 c4 46. f5
c3 47. f6 c2 48. f7 c1=Q 49. f8=Q Qe3+ 50. Kf6 Qd4+ 51. Kf7 Qf4+ 52. Kg7 Qxg5
53. Qc8+ Kd5 54. Kxh7 1/2-1/2

[Event "BL 8485 Braunschweig-Porz"]
[Site "?"]
[Date "1984.??.??"]
[Round "?.3"]
[White "Goehring, K."]
[Black "Schruefer, G."]
[Result "1/2-1/2"]
[WhiteElo "2355"]
[BlackElo "2205"]
[PlyCount "43"]
[EventDate "1984.??.??"]

1. d4 Nf6 2. c4 g6 3. Nc3 d5 4. Nf3 Bg7 5. cxd5 Nxd5 6. Bd2 c5 7. Rc1 Nxc3 8.
Bxc3 cxd4 9. Bxd4 Qa5+ 10. Qd2 Qxd2+ 11. Kxd2 O-O 12. e3 Rd8 13. Bd3 Nc6 14.
Bxg7 Kxg7 15. Ke2 Be6 16. a3 Rd7 17. Be4 Bd5 18. Rhd1 Rad8 19. Bxd5 Rxd5 20. e4
Rxd1 21. Rxd1 Rxd1 22. Kxd1 1/2-1/2

[Event "BL 8485 Frechen-Braunschweig"]
[Site "?"]
[Date "1984.??.??"]
[Round "?.1"]
[White "Eng, H."]
[Black "Ott, W."]
[Result "1/2-1/2"]
[WhiteElo "2345"]
[BlackElo "2300"]
[PlyCount "84"]
[EventDate "1984.??.??"]

1. Nf3 d6 2. d4 g6 3. c4 Bg7 4. e4 Nc6 5. d5 Nb8 6. Be2 a5 7. O-O Na6 8. Re1
Nf6 9. Nc3 O-O 10. Bg5 h6 11. Bh4 Nc5 12. Nd2 e5 13. Rc1 b6 14. b3 Bd7 15. a3
g5 16. Bg3 Nfxe4 17. Ndxe4 Nxe4 18. Nxe4 f5 19. f3 fxe4 20. fxe4 Qe7 21. Bh5
Rf6 22. Qe2 Raf8 23. b4 axb4 24. axb4 Be8 25. Bg4 Bd7 26. Rf1 Bxg4 27. Qxg4 Qe8
28. Rxf6 Rxf6 29. Ra1 Qg6 30. h3 Kh7 31. Rf1 h5 32. Rxf6 hxg4 33. Rxg6 Kxg6 34.
hxg4 Kf7 35. Kf1 Ke8 36. Ke2 Kd7 37. Kd3 Kc8 38. Kc3 Kb7 39. Kb3 Ka6 40. Ka4
Bf6 41. Bf2 Be7 42. Be3 Bd8 1/2-1/2

[Event "BL 8485 Porz-Enger"]
[Site "?"]
[Date "1984.??.??"]
[Round "?.2"]
[White "Miles, A."]
[Black "Podzielny, K."]
[Result "1-0"]
[WhiteElo "2565"]
[BlackElo "2415"]
[PlyCount "65"]
[EventDate "1984.??.??"]

1. c4 Nf6 2. Nc3 c5 3. g3 e6 4. d3 Nc6 5. Bg2 a6 6. Nf3 Be7 7. O-O O-O 8. d4
cxd4 9. Nxd4 d5 10. cxd5 exd5 11. Be3 Re8 12. Rc1 h6 13. Nxc6 bxc6 14. Na4 Bd7
15. Bb6 Qb8 16. Bd4 Bd8 17. Nc5 Bg4 18. f3 Bc8 19. e4 dxe4 20. fxe4 Ng4 21. e5
Nxe5 22. Bxe5 Qxe5 23. Bxc6 Bh3 24. Bxe8 Qxe8 25. Re1 Qc6 26. Ne4 Bb6+ 27. Kh1
Qb7 28. g4 Qe7 29. Qf3 Qh4 30. Ng5 Qxg5 31. Qxa8+ Kh7 32. Qe4+ g6 33. Qf3 1-0

[Event "BL 8485 Porz-Enger"]
[Site "?"]
[Date "1984.??.??"]
[Round "?.3"]
[White "Gruen, G."]
[Black "Goehring, K."]
[Result "1-0"]
[WhiteElo "2355"]
[BlackElo "2355"]
[PlyCount "53"]
[EventDate "1984.??.??"]

1. d4 Nf6 2. Nf3 d5 3. c4 e6 4. Bg5 Be7 5. Nc3 h6 6. Bh4 O-O 7. e3 b6 8. Rc1
Bb7 9. Be2 dxc4 10. Bxc4 Nbd7 11. O-O c5 12. Qe2 a6 13. a4 Nd5 14. Bg3 N7f6 15.
Rfd1 Qe8 16. Nxd5 exd5 17. Bb3 Bc6 18. Ne5 Bxa4 19. Bxa4 Qxa4 20. Ra1 Qb5 21.
Qxb5 axb5 22. Nc6 Rae8 23. Nxe7+ Rxe7 24. Bd6 Rd7 25. Bxf8 Kxf8 26. Ra8+ Ke7
27. Rb8 1-0

[Event "BL 8485 Porz-Enger"]
[Site "?"]
[Date "1984.??.??"]
[Round "?.4"]
[White "Marian, R."]
[Black "Fleck, J."]
[Result "1/2-1/2"]
[WhiteElo "2285"]
[BlackElo "2400"]
[PlyCount "30"]
[EventDate "1984.??.??"]

1. Nf3 g6 2. e4 c5 3. d3 Bg7 4. g3 Nc6 5. Bg2 d6 6. O-O e5 7. c3 Nge7 8. a3 O-O
9. b4 cxb4 10. axb4 b5 11. Be3 Bb7 12. Na3 a6 13. Qb3 h6 14. c4 Bc8 15. Qc3 Be6
1/2-1/2

[Event "BL 8485 Porz-Enger"]
[Site "?"]
[Date "1984.??.??"]
[Round "?.6"]
[White "Gerusel, M."]
[Black "Stertenbrink, G."]
[Result "1-0"]
[WhiteElo "2390"]
[BlackElo "2225"]
[PlyCount "83"]
[EventDate "1984.??.??"]

1. Nf3 c5 2. g3 Nc6 3. Bg2 d5 4. d3 g6 5. Nbd2 Bg7 6. e4 Nf6 7. O-O O-O 8. Ne1
Be6 9. Nef3 h6 10. c3 Qd7 11. e5 Ne8 12. d4 cxd4 13. cxd4 Rc8 14. Nb3 b6 15.
Bd2 Bg4 16. Bc3 h5 17. Qd3 Bh6 18. Nh4 Ng7 19. Rfe1 Kh7 20. Qf1 Be6 21. h3 a5
22. Qa6 Bxh3 23. Qxb6 Bxg2 24. Kxg2 Ne6 25. Rh1 a4 26. Na5 Nxa5 27. Qxa5 Ra8
28. Qb4 Rfb8 29. Qa3 g5 30. Nf3 Nf4+ 31. Kg1 Qg4 32. Bd2 Rb3 33. axb3 Qxf3 34.
Bxf4 gxf4 35. bxa4 Qe4 36. Qxe7 fxg3 37. Qxf7+ Kh8 38. Rxh5 gxf2+ 39. Kh2 f1=N+
40. Rxf1 Qe2+ 41. Rf2 Qe3 42. Qf6+ 1-0

[Event "BL 8485 Porz-Enger"]
[Site "?"]
[Date "1984.??.??"]
[Round "?.8"]
[White "Laven, R."]
[Black "Groenegress, W."]
[Result "1/2-1/2"]
[WhiteElo "2320"]
[BlackElo "2210"]
[PlyCount "42"]
[EventDate "1984.??.??"]

1. e4 c5 2. Nf3 e6 3. b3 d6 4. Bb2 Nf6 5. e5 dxe5 6. Nxe5 Nbd7 7. Bc4 Nxe5 8.
Bxe5 Bd7 9. Qf3 Bc6 10. Qh3 Bd6 11. Bb2 O-O 12. O-O Be4 13. Bd3 Bxd3 14. Qxd3
Qc7 15. g3 Be5 16. Nc3 Qc6 17. Rae1 Rad8 18. Qe2 Bd4 19. Nd1 Bxb2 20. Nxb2 Qd5
21. Nc4 Rfe8 1/2-1/2

[Event "BL 8485 Lasker-Koblenz"]
[Site "?"]
[Date "1984.??.??"]
[Round "?.3"]
[White "Wolf, V."]
[Black "Cladouras, P."]
[Result "1/2-1/2"]
[WhiteElo "2315"]
[BlackElo "2295"]
[PlyCount "102"]
[EventDate "1984.??.??"]

1. e4 e5 2. Nf3 Nc6 3. Nc3 Nf6 4. d4 exd4 5. Nxd4 Bb4 6. Nxc6 bxc6 7. Bd3 d5 8.
exd5 cxd5 9. O-O O-O 10. Bg5 Be6 11. Ne2 Be7 12. Nd4 Qd6 13. Bh4 c5 14. Nxe6
fxe6 15. c4 d4 16. Re1 Rae8 17. Qc2 Kh8 18. Re2 Bd8 19. Qa4 Nh5 20. Bxd8 Nf4
21. Bh4 Nxd3 22. Bg3 Qb6 23. b3 Nb4 24. a3 Nc6 25. Bd6 Rg8 26. Re4 d3 27. b4
Nxb4 28. Bxc5 Qb7 29. f3 Na2 30. Bb4 Nxb4 31. axb4 a5 32. b5 Qb6+ 33. Kf1 Rd8
34. Rd1 Rd4 35. c5 Rxe4 36. Qxe4 Qxb5 37. c6 Rc8 38. Qxe6 Qxc6 39. Qxc6 Rxc6
40. Rxd3 Kg8 41. Rd8+ Kf7 42. Ra8 Rc5 43. Kf2 Kf6 44. h4 h5 45. Ra6+ Kf5 46.
Kg3 Rb5 47. Kh3 Rc5 48. Ra7 Kf6 49. g4 hxg4+ 50. Kxg4 g6 51. Ra6+ Kg7 1/2-1/2

[Event "BL 8485 Lasker-Koblenz"]
[Site "?"]
[Date "1984.??.??"]
[Round "?.4"]
[White "Muse, M."]
[Black "Doncevic, D."]
[Result "1-0"]
[WhiteElo "2240"]
[BlackElo "2360"]
[PlyCount "99"]
[EventDate "1984.??.??"]

1. d4 Nf6 2. c4 g6 3. Nc3 d5 4. Nf3 Bg7 5. Qb3 dxc4 6. Qxc4 O-O 7. e4 Bg4 8.
Be3 Nfd7 9. Qb3 Nb6 10. Rd1 Nc6 11. d5 Ne5 12. Be2 Nxf3+ 13. gxf3 Bh5 14. f4
Bxe2 15. Nxe2 c6 16. dxc6 Qc8 17. cxb7 Qxb7 18. f3 Qa6 19. Bd4 Rfc8 20. Bxg7
Kxg7 21. Rc1 Rd8 22. Kf2 Rd3 23. Rc3 Rd2 24. Re1 Rad8 25. Rc2 Rxc2 26. Qxc2
Qxa2 27. Qc7 Rd7 28. Qc3+ Kg8 29. h4 Qe6 30. h5 Qh3 31. hxg6 Qh4+ 32. Kg2 hxg6
33. Rh1 Qf6 34. e5 Qe6 35. b3 Rd8 36. Kg3 Qc8 37. Qe3 Qc2 38. Qf2 f6 39. e6 Qf5
40. Nd4 Rxd4 41. Qxd4 Nd5 42. Qe4 Qxe4 43. fxe4 Nc3 44. Kf3 Nb5 45. f5 gxf5 46.
exf5 Nd6 47. Kf4 Kg7 48. Ra1 Nc8 49. Rc1 Nd6 50. Rc7 1-0